Seriál : Kapitolky z kolektívneho investovania

Investičné rozhodnutia a podstata diverzifikácie. Vymedzenie základných pojmov. Klasifikácia fondov. Kolektívne investovanie na Slovensku. Výhody investovania do fondov. Úloha a postavenie depozitára. Vznik fondu a správcovskej spoločnosti.

Salvato in:
Dettagli Bibliografici
Autore principale: Pilch, Ctibor, 1957-
Natura: Capitolo di libro
Lingua:slovacco
Soggetti:
Tags: Aggiungi Tag
Nessun Tag, puoi essere il primo ad aggiungerne!!

MARC

LEADER 00000nla$a2200000$$$4500
001 0093919
005 20240502072039.9
041 0 |a slo 
044 |a SK 
245 1 0 |a Seriál : Kapitolky z kolektívneho investovania 
520 |a Investičné rozhodnutia a podstata diverzifikácie. Vymedzenie základných pojmov. Klasifikácia fondov. Kolektívne investovanie na Slovensku. Výhody investovania do fondov. Úloha a postavenie depozitára. Vznik fondu a správcovskej spoločnosti. 
610 2 0 |a rozhodovanie investičné 
610 2 0 |a fondy investičné 
610 2 0 |a spoločnosti správcovské 
610 2 0 |a investovanie kolektívne 
610 2 0 |a pojmy 
610 2 0 |a diverzifikácia 
610 2 0 |a depozitá 
100 1 |a Pilch, Ctibor, 1957-